Family Dictatorships - Statistics

General Stats
  • This quiz has been taken 107 times
  • The average score is 4 of 7
Answer Stats
Former Ruler Present-Day Ruler Country % Correct
Kim Jong-Il Kim Jong-Un North Korea
99%
Fidel Castro Raúl Castro Cuba
97%
Hafez al-Assad Bashar al-Assad Syria
91%
Haydar Aliyev Ilham Aliyev Azerbaijan
52%
Omar Bongo Ali Bongo Ondimba Gabon
31%
Gnassingbé Eyadéma Faure Gnassingbé Togo
27%
Hassan Gouled Aptidon Ismaïl Omar Guelleh Djibouti
15%
No matching quizzes found
Score Distribution
Percent of People with Each Score
Percentile by Number Answered
Your Score History
You have not taken this quiz